000 00753nam a2200241Ia 4500
003 GCL
005 20240530101907.0
008 140319s9999 xx 000 0 ara d
020 _a?309401977
040 _aGCL /
_cGCL
082 0 4 _a810.9
_bك م
100 1 _aكمال نشات
245 1 0 _aمصطفى عبداللطيف السحرتى /
_cكمال نشات
260 _aالقاهرة :
_bالهيئة المصرية العامة للكتاب ،
_c1992
300 _a187 ص ؛
_c19 سم
490 _aنقاد الادب
_v8
650 0 4 _aالنقد
650 0 4 _aالتراجم الادبية
650 0 4 _aالتراجم
650 0 4 _aمصطفى عبدالحميد السحرتى
650 0 4 _aتاريخ ونقد
942 _2ddc
_cBK
999 _c28519
_d28519